00325nam a2200133Ia 45000030006000000080041000060400015000471000021000622450042000832600033001253000006001585460010001640050017001740STCL150530s9999 xx 000 0 und d aSTCLcSTCL aBatarinat Kapoor aLok Bharti Dictionary of Hindi Idioms bLokbharati ; Allahabadc1975 a0 aHindi20220125171331.0